[Event "Hastings Challengers 1995/96"]
[Site "Hastings"]
[Date "1996.01.07"]
[Round "11"]
[White "Costello, Colin A"]
[Black "Rice, Christopher B"]
[Result "1/2-1/2"]
[WhiteElo "2115"]
[BlackElo "2165"]
[PlyCount "39"]
[EventDate "1995.12.28"]
[EventType "swiss"]
[EventRounds "11"]
[EventCountry "ENG"]
[SourceTitle "BritBase"]
[Source "John Saunders"]
[SourceDate "2025.01.31"]
[SourceVersion "1"]
[SourceVersionDate "2025.01.31"]
[SourceQuality "1"]

1. c4 c6 2. Nf3 d5 3. b3 Bg4 4. Bb2 Nd7 5. d4 e6 6. Nbd2 Ngf6 7. e3 Be7 8. Bd3 O-O 9. O-O a5 10. e4 dxe4 11. Nxe4 Bh5 12. Nc3 Qc7 13. Rc1 Nb6 14. d5 exd5 15. cxd5 Nbxd5 16. Nxd5 Nxd5 17. Bxh7+ Kxh7 18. Qxd5 Bg6 19. Rfe1 Kg8 20. Qc4 1/2-1/2

[Event "Hastings Challengers 1995/96"]
[Site "Hastings"]
[Date "1996.01.07"]
[Round "11"]
[White "Emms, John M"]
[Black "Hebden, Mark L"]
[Result "0-1"]
[WhiteElo "2485"]
[BlackElo "2570"]
[PlyCount "108"]
[EventDate "1995.12.28"]
[EventType "swiss"]
[EventRounds "11"]
[EventCountry "ENG"]
[SourceTitle "BritBase"]
[Source "John Saunders"]
[SourceDate "2025.01.31"]
[SourceVersion "1"]
[SourceVersionDate "2025.01.31"]
[SourceQuality "1"]

1. e4 e5 2. Nf3 Nc6 3. Bb5 a6 4. Ba4 Nf6 5. O-O Be7 6. Re1 b5 7. Bb3 O-O 8. a4 Bb7 9. d3 d6 10. c3 Qd7 11. Nbd2 Rfe8 12. Nf1 Bf8 13. Ne3 Nd8 14. axb5 axb5 15. Rxa8 Bxa8 16. c4 c6 17. cxb5 cxb5 18. Nd5 Nxd5 19. Bxd5 Bxd5 20. exd5 f5 21. Be3 Nf7 22. Qb3 f4 23. Bc1 Rc8 24. Bd2 g5 25. d4 Bg7 26. dxe5 dxe5 27. Bc3 g4 28. Nd2 f3 29. d6 fxg2 30. Ne4 Rc4 31. Qa2 Qc6 32. Qb1 b4 33. Bd2 Nxd6 34. Nxd6 Qxd6 35. Qa2 Qd5 36. Bxb4 h5 37. Be7 e4 38. Qb3 Kh7 39. Bh4 Bd4 40. Rd1 e3 41. Qd3+ Kg7 42. Qe2 Qf3 43. Qxf3 gxf3 44. fxe3 Bxe3+ 45. Bf2 Bf4 46. Rb1 Rc2 47. h3 Bh2+ 48. Kxh2 Rxf2 49. Kg1 Re2 50. Rc1 Rxb2 51. Ra1 Kf6 52. Rc1 Ke5 53. h4 Kd4 54. Ra1 Kc3 0-1

[Event "Hastings Challengers 1995/96"]
[Site "Hastings"]
[Date "1996.01.07"]
[Round "11"]
[White "Haslinger, Stewart G"]
[Black "Pilgaard, Kim"]
[Result "0-1"]
[WhiteElo "2145"]
[BlackElo "2315"]
[PlyCount "56"]
[EventDate "1995.12.28"]
[EventType "swiss"]
[EventRounds "11"]
[EventCountry "ENG"]
[SourceTitle "BritBase"]
[Source "John Saunders"]
[SourceDate "2025.01.31"]
[SourceVersion "1"]
[SourceVersionDate "2025.01.31"]
[SourceQuality "1"]

1. e4 e5 2. Nc3 Nf6 3. f4 d5 4. fxe5 Nxe4 5. d3 Nxc3 6. bxc3 Be7 7. d4 c5 8. Bd3 Nc6 9. Nf3 c4 10. Be2 Qa5 11. Bd2 O-O 12. O-O f6 13. Qe1 Bf5 14. Qg3 Kh8 15. Bd1 Be4 16. exf6 Bxf6 17. Qf2 Qb6 18. Bc1 Be7 19. Qe3 Rae8 20. Ng5 Bf6 21. Ba3 Bxg5 22. Qxg5 Nxd4 23. Rf2 Ne2+ 24. Bxe2 Rxf2 25. Bf3 Rxf3+ 26. Kh1 Rf2 27. Rg1 h6 28. Qg3 Rxg2 0-1

[Event "Hastings Challengers 1995/96"]
[Site "Hastings"]
[Date "1996.01.07"]
[Round "11"]
[White "Hon, Andrew HL"]
[Black "Grinfeld, Alla B"]
[Result "1/2-1/2"]
[WhiteElo "2225"]
[BlackElo "2280"]
[PlyCount "60"]
[EventDate "1995.12.28"]
[EventType "swiss"]
[EventRounds "11"]
[EventCountry "ENG"]
[SourceTitle "BritBase"]
[Source "John Saunders"]
[SourceDate "2025.01.31"]
[SourceVersion "1"]
[SourceVersionDate "2025.01.31"]
[SourceQuality "1"]

1. e4 e6 2. d3 d5 3. Nd2 Nf6 4. g3 c5 5. Bg2 Nc6 6. Ngf3 Qc7 7. O-O b6 8. Re1 Be7 9. Qe2 a5 10. e5 Nd7 11. h4 h6 12. h5 Ba6 13. c4 d4 14. Bh3 Bb7 15. Nf1 O-O-O 16. Bf4 Nb4 17. N1h2 Qc6 18. Bg2 Qc7 19. Ng4 Bc6 20. a3 Na6 21. Nd2 Bxg2 22. Kxg2 Qb7+ 23. Qf3 Nab8 24. Qxb7+ Kxb7 25. b3 Nc6 26. Nf3 Ra8 27. a4 Rae8 28. Re2 Bd8 29. Bd2 Bc7 30. Rae1 Ndb8 1/2-1/2

[Event "Hastings Challengers 1995/96"]
[Site "Hastings"]
[Date "1996.01.07"]
[Round "11"]
[White "Lalic, Susan Kathryn"]
[Black "Hirsch, Stefan"]
[Result "1-0"]
[WhiteElo "2315"]
[BlackElo "2235"]
[PlyCount "83"]
[EventDate "1995.12.28"]
[EventType "swiss"]
[EventRounds "11"]
[EventCountry "ENG"]
[SourceTitle "BritBase"]
[Source "John Saunders"]
[SourceDate "2025.01.31"]
[SourceVersion "1"]
[SourceVersionDate "2025.01.31"]
[SourceQuality "1"]

1. e4 e5 2. Nf3 Nc6 3. Nc3 g6 4. d4 exd4 5. Nd5 Bg7 6. Bg5 Nce7 7. Nxd4 c6 8. Nxe7 Nxe7 9. Qd2 d5 10. exd5 Qxd5 11. O-O-O Bxd4 12. Qxd4 Qxd4 13. Rxd4 Be6 14. Bf6 Rg8 15. c4 Rd8 16. Rxd8+ Kxd8 17. Be2 Re8 18. g4 c5 19. Kd2 Kc8 20. Kc3 Nc6 21. Bf3 Nb8 22. Re1 Nd7 23. Bh4 f6 24. Bd5 Bf7 25. Rxe8+ Bxe8 26. f4 h6 27. Bg3 b6 28. Kd3 Kd8 29. Ke4 Ke7 30. f5 g5 31. Bc7 h5 32. h3 hxg4 33. hxg4 a6 34. Bb7 b5 35. Bxa6 b4 36. Bb7 Bf7 37. Bd5 Be8 38. Be6 Nf8 39. Kd5 Nxe6 40. Bd6+ Kd7 41. fxe6+ Kd8 42. Bxc5 1-0

[Event "Hastings Challengers 1995/96"]
[Site "Hastings"]
[Date "1996.01.07"]
[Round "11"]
[White "Marusenko, Petr"]
[Black "Bisby, Daniel L"]
[Result "1-0"]
[WhiteElo "2305"]
[BlackElo "2120"]
[PlyCount "58"]
[EventDate "1995.12.28"]
[EventType "swiss"]
[EventRounds "11"]
[EventCountry "ENG"]
[SourceTitle "BritBase"]
[Source "John Saunders"]
[SourceDate "2025.01.31"]
[SourceVersion "1"]
[SourceVersionDate "2025.01.31"]
[SourceQuality "1"]

1. e4 d6 2. d4 Nf6 3. Nc3 g6 4. Be3 Bg7 5. f3 c6 6. Qd2 b5 7. g4 O-O 8. Bh6 Nbd7 9. h4 Qa5 10. h5 Ba6 11. hxg6 fxg6 12. Bxg7 Kxg7 13. Qh6+ Kg8 14. g5 Nh5 15. Bh3 b4 16. Nce2 Bc4 17. Bxd7 b3+ 18. Nc3 bxc2 19. Rxh5 Rf7 20. Nge2 gxh5 21. d5 Rg7 22. Qe6+ Kh8 23. Rc1 Rf8 24. Bxc6 Rxf3 25. Rxc2 Qb6 26. Nd1 Bxe2 27. Kxe2 Rgf7 28. Rc3 Qa6+ 29. Kd2 Rxc3 1-0

[Event "Hastings Challengers 1995/96"]
[Site "Hastings"]
[Date "1996.01.07"]
[Round "11"]
[White "McCamon, Boyd T"]
[Black "Trifunovic, Aleksandar"]
[Result "1/2-1/2"]
[WhiteElo "2305"]
[BlackElo "2230"]
[PlyCount "81"]
[EventDate "1995.12.28"]
[EventType "swiss"]
[EventRounds "11"]
[EventCountry "ENG"]
[SourceTitle "BritBase"]
[Source "John Saunders"]
[SourceDate "2025.01.31"]
[SourceVersion "1"]
[SourceVersionDate "2025.01.31"]
[SourceQuality "1"]

1. d4 Nf6 2. Bg5 Ne4 3. Bh4 c5 4. f3 Qa5+ 5. c3 Nf6 6. d5 Qb6 7. b3 d6 8. e4 Nbd7 9. Nd2 g6 10. Nc4 Qc7 11. a4 Bg7 12. Bd3 O-O 13. Ne2 Ne5 14. Nxe5 dxe5 15. Qd2 Ne8 16. c4 Nd6 17. Nc3 b6 18. g4 Rb8 19. Bg5 a6 20. h4 f6 21. Be3 Bd7 22. h5 Rfd8 23. hxg6 hxg6 24. Bh6 Nf7 25. Be3 Nd6 26. g5 f5 27. exf5 Nxf5 28. Ne4 Kf7 29. Bc2 Rh8 30. O-O-O Rxh1 31. Rxh1 Rh8 32. Rd1 Nd4 33. Bxd4 cxd4 34. f4 Kg8 35. d6 exd6 36. fxe5 dxe5 37. Nf6+ Bxf6 38. gxf6 Bf5 39. Bxf5 gxf5 40. Qg5+ Kf8 41. Qxf5 1/2-1/2

[Event "Hastings Challengers 1995/96"]
[Site "Hastings"]
[Date "1996.01.07"]
[Round "11"]
[White "McNab, Colin Anderson"]
[Black "Ledger, David J"]
[Result "1/2-1/2"]
[WhiteElo "2440"]
[BlackElo "2305"]
[PlyCount "84"]
[EventDate "1995.12.28"]
[EventType "swiss"]
[EventRounds "11"]
[EventCountry "ENG"]
[SourceTitle "BritBase"]
[Source "John Saunders"]
[SourceDate "2025.01.31"]
[SourceVersion "1"]
[SourceVersionDate "2025.01.31"]
[SourceQuality "1"]

1. c4 Nf6 2. g3 g6 3. Bg2 Bg7 4. Nc3 O-O 5. e4 d6 6. Nge2 c5 7. d3 Nc6 8. h3 Ne8 9. Bg5 Nc7 10. Qd2 Ne6 11. Bh6 Ned4 12. Bxg7 Kxg7 13. f4 Rb8 14. O-O b5 15. cxb5 Nxb5 16. f5 Nbd4 17. Nf4 f6 18. h4 Ne5 19. Ncd5 gxf5 20. exf5 Bxf5 21. b4 Bg4 22. bxc5 dxc5 23. Rac1 Qd6 24. Ne3 Bf3 25. Kh1 Kh8 26. Bxf3 Nexf3 27. Qg2 Ne5 28. Rf2 Rg8 29. Rg1 Ng4 30. Nxg4 Rxg4 31. Qd5 Rbg8 32. Qxd6 exd6 33. Kh2 f5 34. Nh5 Rf8 35. Re1 Rf7 36. Kh3 Rg8 37. Rb2 Rd8 38. Kg2 Kg8 39. Kf2 Kf8 40. Nf4 Re8 41. Rxe8+ Kxe8 42. Rb8+ Kd7 1/2-1/2

[Event "Hastings Challengers 1995/96"]
[Site "Hastings"]
[Date "1996.01.07"]
[Round "11"]
[White "Moss, Robin BW"]
[Black "Damm, Fabian"]
[Result "1-0"]
[WhiteElo "2265"]
[BlackElo "2205"]
[PlyCount "51"]
[EventDate "1995.12.28"]
[EventType "swiss"]
[EventRounds "11"]
[EventCountry "ENG"]
[SourceTitle "BritBase"]
[Source "John Saunders"]
[SourceDate "2025.01.31"]
[SourceVersion "1"]
[SourceVersionDate "2025.01.31"]
[SourceQuality "1"]

1. e4 e5 2. Nf3 Nc6 3. Bb5 a6 4. Ba4 Nf6 5. O-O d6 6. d3 Bg4 7. c3 Be7 8. Nbd2 Nd7 9. Re1 Nc5 10. Bc2 Ne6 11. Nf1 Nf4 12. d4 g5 13. Ne3 Bd7 14. Nf5 Bf6 15. Bb3 h5 16. dxe5 dxe5 17. Bxf4 gxf4 18. Qd5 Be6 19. Qc5 Rg8 20. Ba4 b5 21. Qxc6+ Bd7 22. Qc5 bxa4 23. Nxe5 Rb8 24. Nc6 Bxc6 25. Qxc6+ Kf8 26. Rad1 1-0

[Event "Hastings Challengers 1995/96"]
[Site "Hastings"]
[Date "1996.01.07"]
[Round "11"]
[White "Pickersgill, Adrian O"]
[Black "Christensen, Esben"]
[Result "1/2-1/2"]
[WhiteElo "2105"]
[BlackElo "2175"]
[PlyCount "41"]
[EventDate "1995.12.28"]
[EventType "swiss"]
[EventRounds "11"]
[EventCountry "ENG"]
[SourceTitle "BritBase"]
[Source "John Saunders"]
[SourceDate "2025.01.31"]
[SourceVersion "1"]
[SourceVersionDate "2025.01.31"]
[SourceQuality "1"]

1. e4 c5 2. Nc3 e6 3. Nf3 d6 4. d4 cxd4 5. Nxd4 Nf6 6. Be2 a6 7. Be3 Qc7 8. O-O Nbd7 9. a4 b6 10. Qe1 Bb7 11. f3 Be7 12. Rd1 d5 13. exd5 Nxd5 14. Nxd5 Bxd5 15. f4 Nf6 16. Bd3 Bc4 17. Kh1 O-O 18. b3 Bxd3 19. Rxd3 Rfd8 20. Qe2 Bc5 21. Qf3 1/2-1/2

[Event "Hastings Challengers 1995/96"]
[Site "Hastings"]
[Date "1996.01.07"]
[Round "11"]
[White "Richardson, Kevin Derek"]
[Black "Kelly, Brian R"]
[Result "0-1"]
[WhiteElo "2170"]
[BlackElo "2300"]
[PlyCount "74"]
[EventDate "1995.12.28"]
[EventType "swiss"]
[EventRounds "11"]
[EventCountry "ENG"]
[SourceTitle "BritBase"]
[Source "John Saunders"]
[SourceDate "2025.01.31"]
[SourceVersion "1"]
[SourceVersionDate "2025.01.31"]
[SourceQuality "1"]

1. e4 c5 2. Nf3 e6 3. d4 cxd4 4. Nxd4 Nf6 5. Nc3 d6 6. Be3 a6 7. a4 Be7 8. Be2 O-O 9. O-O Qc7 10. f4 Nc6 11. Kh1 Re8 12. Nb3 b6 13. Bf3 Bb7 14. Qd2 Rab8 15. Qf2 Ba8 16. Qg3 Kh8 17. Nd4 Rf8 18. e5 dxe5 19. fxe5 Nd7 20. Nxc6 Bxc6 21. Bxc6 Qxc6 22. Rf3 Bc5 23. Raf1 Bxe3 24. Rxe3 Qc7 25. Rfe1 b5 26. axb5 axb5 27. Qh4 b4 28. Rh3 h6 29. Qg5 bxc3 30. Rxh6+ Kg8 31. Rh3 Nxe5 32. Rxc3 Nc6 33. Rg3 f6 34. Qg4 e5 35. Qe6+ Rf7 36. Rc3 Nd4 37. Qd5 Qb7 0-1

[Event "Hastings Challengers 1995/96"]
[Site "Hastings"]
[Date "1996.01.07"]
[Round "11"]
[White "Shaw, John Kerr"]
[Black "Dearing, Eddie"]
[Result "1/2-1/2"]
[WhiteElo "2280"]
[BlackElo "2060"]
[PlyCount "44"]
[EventDate "1995.12.28"]
[EventType "swiss"]
[EventRounds "11"]
[EventCountry "ENG"]
[SourceTitle "BritBase"]
[Source "John Saunders"]
[SourceDate "2025.01.31"]
[SourceVersion "1"]
[SourceVersionDate "2025.01.31"]
[SourceQuality "1"]

1. e4 c5 2. Nc3 Nc6 3. g3 g6 4. Bg2 Bg7 5. d3 d6 6. f4 e6 7. Nf3 Nge7 8. O-O O-O 9. Be3 Nd4 10. Bf2 Nxf3+ 11. Bxf3 Nc6 12. Bg2 b6 13. f5 Ne5 14. g4 Qg5 15. h3 h5 16. gxh5 exf5 17. exf5 Bxf5 18. Kh2 Rae8 19. Nd5 Bg4 20. hxg4 Nxg4+ 21. Kh3 Qxh5+ 22. Bh4 f5 1/2-1/2

[Event "Hastings Challengers 1995/96"]
[Site "Hastings"]
[Date "1996.01.07"]
[Round "11"]
[White "Prange, Stefan"]
[Black "McMahon, Daire"]
[Result "1/2-1/2"]
[WhiteElo "2055"]
[BlackElo "2260"]
[PlyCount "39"]
[EventDate "1995.12.28"]
[EventType "swiss"]
[EventRounds "11"]
[EventCountry "ENG"]
[SourceTitle "BritBase"]
[Source "John Saunders"]
[SourceDate "2025.01.31"]
[SourceVersion "1"]
[SourceVersionDate "2025.01.31"]
[SourceQuality "1"]

1. d4 Nf6 2. c4 e6 3. g3 d5 4. Nf3 c6 5. Qc2 Nbd7 6. Bg2 Bd6 7. O-O Ne4 8. Bf4 Bxf4 9. gxf4 O-O 10. Nbd2 Nxd2 11. Qxd2 b6 12. Rac1 Ba6 13. cxd5 cxd5 14. Rc2 Rc8 15. Rfc1 Rxc2 16. Qxc2 h6 17. e3 Qc8 18. Bf1 Qxc2 19. Rxc2 Rc8 20. Rxc8+ 1/2-1/2

[Event "Hastings Challengers 1995/96"]
[Site "Hastings"]
[Date "1996.01.07"]
[Round "11"]
[White "Cafferty, Bernard"]
[Black "Trzaska, Peter"]
[Result "1-0"]
[WhiteElo "2260"]
[BlackElo "2200"]
[PlyCount "43"]
[EventDate "1995.12.28"]
[EventType "swiss"]
[EventRounds "11"]
[EventCountry "ENG"]
[SourceTitle "BritBase"]
[Source "John Saunders"]
[SourceDate "2025.01.31"]
[SourceVersion "1"]
[SourceVersionDate "2025.01.31"]
[SourceQuality "1"]

1. e4 d5 2. exd5 Nf6 3. d4 Nxd5 4. Nf3 g6 5. Be2 Bg7 6. O-O O-O 7. Re1 b6 8. c4 Nf6 9. Ne5 Bb7 10. Bf3 c6 11. Nc3 Nfd7 12. Bf4 Nxe5 13. Bxe5 Nd7 14. Bxg7 Kxg7 15. Qa4 Nf6 16. Rad1 Qc7 17. d5 cxd5 18. cxd5 Rfe8 19. Re3 Rad8 20. d6 Qd7 21. dxe7 Qxa4 22. exd8=Q 1-0

[Event "Hastings Challengers 1995/96"]
[Site "Hastings"]
[Date "1996.01.07"]
[Round "11"]
[White "Hunt, Adam C"]
[Black "De Coverly, Roger D"]
[Result "1-0"]
[WhiteElo "2180"]
[BlackElo "2105"]
[PlyCount "119"]
[EventDate "1995.12.28"]
[EventType "swiss"]
[EventRounds "11"]
[EventCountry "ENG"]
[SourceTitle "BritBase"]
[Source "John Saunders"]
[SourceDate "2025.01.31"]
[SourceVersion "1"]
[SourceVersionDate "2025.01.31"]
[SourceQuality "1"]

1. e4 e5 2. Nf3 Nc6 3. Bb5 a6 4. Ba4 Nf6 5. O-O b5 6. Bb3 Be7 7. Re1 d6 8. c3 O-O 9. h3 h6 10. d4 Re8 11. Nbd2 Bf8 12. Nf1 Bd7 13. Ng3 Na5 14. Bc2 Nc4 15. Nh2 c5 16. b3 Na5 17. d5 Nh7 18. f4 c4 19. b4 Nb7 20. Qf3 g6 21. Rf1 Qe7 22. Ng4 Bxg4 23. Qxg4 Nf6 24. Qf3 Bg7 25. fxe5 Qxe5 26. Bf4 Qe7 27. a4 a5 28. bxa5 Rxa5 29. axb5 Rea8 30. Rxa5 Rxa5 31. Qe3 Kh7 32. Qb6 Ra3 33. Ne2 Ne8 34. Qc6 Ra2 35. Rc1 Na5 36. Qa6 Qb7 37. Nd4 Bxd4+ 38. cxd4 Qxa6 39. bxa6 Nb3 40. Bxb3 cxb3 41. Rb1 b2 42. Kf2 g5 43. Bd2 Nf6 44. Kf3 Ra3+ 45. Be3 Rxa6 46. Rxb2 Ra7 47. Rb6 Rd7 48. Bd2 Kg7 49. Bb4 Ne8 50. Kg4 f6 51. Bc3 Re7 52. e5 fxe5 53. dxe5 dxe5 54. Kf5 Kf7 55. Bxe5 Ng7+ 56. Bxg7 Kxg7 57. d6 Re2 58. Rb7+ Kf8 59. Rb8+ Kf7 60. d7 {Source: Roger de  Coverly, 11 August 2024} 1-0

[Event "Hastings Challengers 1995/96"]
[Site "Hastings"]
[Date "1996.01.07"]
[Round "11"]
[White "Ellison, Derek George"]
[Black "Dodgson, John A"]
[Result "1-0"]
[WhiteElo "2140"]
[BlackElo "2240"]
[PlyCount "107"]
[EventDate "1995.12.28"]
[EventType "swiss"]
[EventRounds "11"]
[EventCountry "ENG"]
[SourceTitle "Denman Collection"]
[Source "Brian Denman"]
[SourceDate "2023.11.29"]
[SourceVersion "1"]
[SourceVersionDate "2023.11.29"]
[SourceQuality "1"]

1. e4 c5 2. c3 d5 3. exd5 Qxd5 4. d4 Nf6 5. Nf3 Nc6 6. Be3 cxd4 7. cxd4 e5 8. Nc3 Bb4 9. dxe5 Qxd1+ 10. Rxd1 Ne4 11. Rc1 Be6 12. Bd3 Nxc3 13. bxc3 Ba5 14. Rc2 O-O-O 15. Be2 Bf5 16. Rc1 h6 17. O-O Bd3 18. Bxd3 Rxd3 19. Bd4 Re8 20. Rc2 Kb8 21. h3 Rc8 22. Rcc1 Nxd4 23. cxd4 Bb6 24. Rcd1 Rxd1 25. Rxd1 Rc2 26. a3 Kc8 27. Ne1 Ra2 28. f4 Rxa3 29. Kf2 Kd7 30. Ke2 Rb3 31. Nd3 Ra3 32. d5 f6 33. Kf3 fxe5 34. fxe5 g6 35. h4 Bc7 36. d6 Bd8 37. g3 Ke6 38. Ke4 Ra4+ 39. Kf3 Ra3 40. Ke2 b6 41. Rf1 Ra2+ 42. Ke3 b5 43. Rf8 Bb6+ 44. Kf3 Rd2 45. Re8+ Kd7 46. Re7+ Kc6 47. Nb4+ Kc5 48. Na6+ Kc4 49. d7 b4 50. Nxb4 Kxb4 51. e6 Kc5 52. Re8 Kc6 53. Rc8+ Bc7 54. e7 {Source: J A Dodgson (Brian Denman Collection)} 1-0